Quizzes
Events
Quiz Creation
Community
Videos
Private Events
Remove Ads
Sign In
Join for FREE
Feedback
Dark Mode
Quiz Categories
Sports
Geography
Music
Movies
Television
Just For Fun
Miscellaneous
History
Literature
Language
Science
Gaming
Entertainment
Religion
Holiday
For Kids
Quiz Lab
Recent
Popular Today
Quiz Kudos Today
Editor Picks
Curator Picks
Quizzes by...
Day
Popularity
Type
Ratings
Length
Year
Community
Subscriptions
Recent Discussions
Orange Saloon
Badges
Playlists
Quests
Create
Leaderboards
Showdown
Live 5
Trivia Bingo
Activity
Puzzle Library
Sporcle Events
Private Events
Virtual Trivia
Globe League
Become a Host
Pub Owners
SporcleCon
Opinionation
Our Games
Videos
Blog
Mobile Apps
Partnerships
Remove Ads and Go Orange
Feedback
Sports
Athletes
MLB
NBA
NHL
NFL
Soccer
Sports Teams
WWE
NCAA
Football
Premier League
Basketball
Baseball
Hockey
Golf
Tennis
Cricket
Rugby
Auto Racing
Olympics
World Cup
Sports
Athletes
MLB
NBA
NHL
NFL
Soccer
Sports Teams
WWE
NCAA
Football
Premier League
Basketball
Baseball
Hockey
Golf
Tennis
Cricket
Rugby
Auto Racing
Olympics
World Cup
Random Quiz
Search Sporcle
×
Quiz Lab
Quiz Lab
Sports
Football
Type in answers that appear in a list
Type in answers that appear in a list
Classic
Best Score? Go Orange.
First XI: Bernardo Silva Stats
Can you name Bernardo Silva's Starting Teams
By
ol98
8m
30 Questions
583 Plays
583 Plays
583 Plays
Comments
Comments
Give Quiz Kudos
Give Quiz Kudos
-
- Ratings
hide this ad
More Info
Replay
Link that replays current quiz
Next Quiz
Link to next quiz in quiz playlist
You Got
0%
They Got
Avg Score
66%
Avg Friend Score
Upgrade to see
Score Distribution
Jump to the score distribution portion of the page
Score
0/30
Timer
08:00
0
Plays Today
Team and Competition
Player Name
% Correct
Manchester City vs Bournemouth, Premier League 2017
Ederson
94.7%
Manchester City vs Bournemouth, Premier League 2017
Kevin De Bruyne
94.5%
Manchester City vs Bournemouth, Premier League 2017
David Silva
94.3%
Portugal vs Cape Verde, Friendly 2015
Adrien Silva
94.2%
Manchester City vs Bournemouth, Premier League 2017
Fernandinho
94.2%
Manchester City vs Bournemouth, Premier League 2017
Vincent Kompany
93.8%
Manchester City vs Bournemouth, Premier League 2017
Raheem Sterling
93.8%
Manchester City vs Bournemouth, Premier League 2017
Gabriel Jesus
93.7%
Manchester City vs Bournemouth, Premier League 2017
Benjamin Mendy
93.1%
Manchester City vs Bournemouth, Premier League 2017
Nicolás Otamendi
92.5%
AS Monaco vs EA Guingamp, Ligue 1 2014
Dimitar Berbatov
91.8%
AS Monaco vs EA Guingamp, Ligue 1 2014
Danijel Subašić
87.1%
Manchester City vs Bournemouth, Premier League 2017
Danilo
86.6%
AS Monaco vs EA Guingamp, Ligue 1 2014
João Moutinho
83.7%
Portugal vs Cape Verde, Friendly 2015
Anthony Lopes
81.6%
Team and Competition
Player Name
% Correct
AS Monaco vs EA Guingamp, Ligue 1 2014
Ricardo Carvalho
79.6%
AS Monaco vs EA Guingamp, Ligue 1 2014
Fabinho
78.9%
AS Monaco vs EA Guingamp, Ligue 1 2014
Yannick Carrasco
68.3%
AS Monaco vs EA Guingamp, Ligue 1 2014
Andrea Raggi
63%
Portugal vs Cape Verde, Friendly 2015
André Gomes
49.2%
Portugal vs Cape Verde, Friendly 2015
Vieirinha
43.7%
AS Monaco vs EA Guingamp, Ligue 1 2014
Layvin Kurzawa
41.9%
AS Monaco vs EA Guingamp, Ligue 1 2014
Jérémy Toulalan
39.1%
AS Monaco vs EA Guingamp, Ligue 1 2014
Anthony Martial
34.8%
Portugal vs Cape Verde, Friendly 2015
João Mário
32.9%
Portugal vs Cape Verde, Friendly 2015
Hugo Almeida
31.4%
Portugal vs Cape Verde, Friendly 2015
Cédric Soares
29.5%
Portugal vs Cape Verde, Friendly 2015
Vitorino Antunes
18.5%
Portugal vs Cape Verde, Friendly 2015
Paulo Oliveira
8.9%
Portugal vs Cape Verde, Friendly 2015
André Pinto
5.8%
Quiz Playlist
Details
Report
Send in Message
Add To Playlist
More Info:
Can you name the lineups for Silva's first starts in the given teams and competitions.
Classic:
Type in answers that appear in a list
Quiz Source
Last Updated: Nov 20, 2020
Quiz Scoreboard
CHALLENGE
Sign Up to Join the Scoreboard
Show All
Scores
Hide
Comments
May contain spoilers
Recently Published
Presidents Visiting Landmarks
by Hejman
History
7m
An Introduction to Baseball
by treessimontrees
Sports
5m
Movies - When Are They Set?
by FPL_Elf
Movies
5m
More to Explore
Quiz From the Vault
Featured Blog Post
Where Did the Easter Bunny Come From?
hide this ad
You Might Also Like...
Tags
Football Quiz
Premier League Quiz
Soccer Quiz
Sports Teams Quiz
Benfica
Manchester City
Portugal
Today's Top Quizzes in Sports
Browse Sports
hide this ad
Today's Top Quizzes in Football
Browse Football
Top Contributed Quizzes in Sports
1
Les meilleurs buteurs des matchs entre le PSG et l’OM
2
2022 World Cup Stars
3
FIFA Club World Cup Champions
4
Les entraîneurs de l'OM et du PSG au 21e siècle
5
Name the Premier League winners with different clubs
6
La finale Lions - Afrique du Sud 2021
7
England Test cricketers to play under Nasser Hussain
8
5-to-1: UK Sports Teams
9
Les joueurs passés par le LOSC et le RC Lens
10
Criteria MLB: Left Handed Sluggers
Explore More
Trending Topics
Marvel
NBA
Harry Potter
Anime
Kpop
Disney
Crossword
Song
Country
NFL
The Office
WWE
Soccer
Pokémon
Puzzle
hide this ad
More By:
ol98
Quiz
Plays
Rating
Category
Featured
Created
Champions League Quiz 2018/19
175,791
2.53
Sports
Jun 7, 2019
Premier League Golden Boot Runners Up
33,808
4.76
Sports
Aug 1, 2019
Ballon d'Or Without Messi and Ronaldo
23,746
5.00
Sports
Feb 27, 2020
World Cup 2018 Quiz
19,438
2.80
Sports
Jun 9, 2019
Lionel Messi's 4+ Goals XI's
13,200
5.00
Sports
Dec 22, 2019
Go to Creator's Profile
Score Distribution
Quiz Creator Spotlight
ol98
Follow
Send a Message
Quizzes Created
-
Created Quiz Play Count
-
More By This Creator
Popular Quizzes Today
1
Find the US States - No Outlines Minefield
2
Find the Countries of Europe - No Outlines Minefield
3
The Countries of the World
4
Find the US States
5
Popular People in 1961
6
US States
7
Risky Map Clicking: Biggest States A-Z
8
1-10 Letter E Words III
More Sports Quizzes
Dallas Mavericks Players in Common
Quiz Lab
Trending Quizzes
Risky Map Clicking: Least Populous States A-Z
1-10 Letter G Words
1-10 Letter F Words
One Thing in Common: United Kingdom
Risky Map Clicking: Next State Alphabetically
Recently Updated
Leaping Animals
pecheneg
Reality TV Shows (A-Z)
bhenderson79
Rickey Henderson's Hall of Fame Teammates
pecheneg
Champions League XIs: Arsenal
pecheneg
Quick Pick: Celebrities in WWE's Hall of Fame
aduchscher
A-Z Keypad Blitz II
pecheneg
Multiple Oscar Actors
pecheneg
Mystery Phrase Blitz: Oscar 'Best Actors'
pecheneg
F. Scott Fitzgerald Novels
LTH
Pick 3 Villains
ddd62291
Trending Topics
Crossword
Anime
Harry Potter
NBA
Kpop
Marvel
Disney
Puzzle
NFL
Song
Country
Pokémon
WWE
The Office
Soccer
Your Account Isn't Verified!
In order to create a playlist on Sporcle, you need to verify the email address you used during registration. Go to your
Sporcle Settings
to finish the process.
Report this User
Report this user for behavior that violates our
Community Guidelines
.
Details:
Send Report
Go to the Sporcle.com Mobile Site →
Comments